| 000 | 01669cam a22004454i 4500 | ||
|---|---|---|---|
| 003 | PE-LiUPU | ||
| 005 | 20250731173317.0 | ||
| 008 | 150625s2004 flu r 000 0 spa d | ||
| 020 | _a0829736697 | ||
| 035 | _a(Sirsi) i9780829736694 | ||
| 040 |
_aPE-LiUPU _bspa _cPE-LiUPU _erda |
||
| 049 | _aPRUA | ||
| 082 | 0 | 4 |
_a231.7 _bY21 _221 |
| 100 | 1 |
_aYancey, Philip, _eautor. |
|
| 245 | 1 | 0 |
_aAlcanzando al Dios invisible / _cPhilip Yancey. |
| 264 | 1 |
_aFlorida : _bEditorial Vida, _c2004. |
|
| 300 |
_a331 páginas ; _c21 centímetros |
||
| 336 |
_atext _2rdacontent |
||
| 337 |
_aunmediated _2rdamedia |
||
| 338 |
_avolume _2rdacarrier |
||
| 505 | 0 | _aLa sed: nuestro anhelo de Dios -- La fe: cuando Dios: parece ausente, indiferente, e incluso hostil -- Dios el contacto con el invisible -- La unión: una relación de desiguales -- El crecimiento: Las etapas del camino -- La restauración: La meta de la relación. | |
| 526 | _aSEG42 | ||
| 526 | _aSEG41 | ||
| 526 | _aSEG40 | ||
| 526 | _aSEG39 | ||
| 526 | _aP94 | ||
| 526 | _aP87 | ||
| 526 | _aP86 | ||
| 526 | _aP85 | ||
| 526 | _aP77 | ||
| 526 | _aP76 | ||
| 526 | _aP35 | ||
| 541 | _g001-0000164; | ||
| 650 | 1 | 4 |
_aVida espiritual _xCristianismo. |
| 942 |
_2ddc _cBOOK |
||
| 949 |
_a231.7 Y21 _wDEWEY _c1 _i56710 _lCCODEBUL1 _mBUL _r0 _sY _tBOOK _u2015-6-25 _xTEOLOGIA _zUNKNOWN _0COMPRA _o.STAFF. Colección General |
||
| 994 |
_aC0 _bPEPRU |
||
| 596 | _a1 | ||
| 999 |
_a231.7 Y21 _wDEWEY _c45863 _i56710 _f2021-11-9 _g5 _lCCODEBUL1 _mBUL _p10.00 _r0 _sY _tBOOK _u2015-6-25 _xTEOLOGIA _PP35 _0COMPRA _o.STAFF. Colección Teología _d45863 |
||
| 980 |
_81 _gALBERTO SANCHEZ Responsable de Automatización |
||